01499nam a2200169Ia 4500008004100000020001500041050001500056082001700071100003200088245010400120260003500224300002500259504009500284505086900379650003301248650004801281120622s9999 xx 000 0 und d a968452207X aLC191bL85 a306.43 L961s aLuna Arroyo, Antonioeautor aSociología de la educación y de la enseñanzab : estudio antológicoc / Antonio Luna Arroyo aMéxicob : Porrúac , 1987 axxii ; 490 páginas aIncluye: Índice de contenido Dedicatoria Reconocimiento Conclusión Índice de nombres aLa sociología de la educación Las escuelas, teorías y métodos de la sociología El método de las ciencias, lógica analítica y metodología. Los métodos de la filosofía Los métodos de la sociología Los problemas del concepto y la definición de la sociología de la educación y de la sociología de la enseñanza Concepto y definiciones de sociología, la sociología general y las sociologías especiales Ideas, conceptos y definiciones de cultura y civilización Conceptos y definiciones de formación, educación, pedagogía y didáctica Concepto y definiciones de isntrucción, enseñanza, aprendizaje y adiestramiento Conceptos y definiciones de enseñanza: concepto tradicional y concepto actual Concepto y definiciones de la sociología Concepto de la sociología de la educación La sociología de la enseñanza 0aMÉTODOS DE LA SOCIOLOGÍA 0aSOCIOLOGÍA DE LA EDUCACIÓNxAPRENDIZAJE